| 000 | 00754nam a2200301Ia 4500 | ||
|---|---|---|---|
| 008 | 171025s9999 xx 000 0 und d | ||
| 020 | _a8179292746 | ||
| 050 | _a428.13 | ||
| 050 | _bM624 2011 | ||
| 100 | _aMichigan, E.A | ||
| 245 | _aQuick writing : | ||
| 245 | _band spell check for everyone / | ||
| 245 | _cby E.A Michigan. | ||
| 250 | _aFirst edition | ||
| 260 | _aNew Delhi : | ||
| 260 | _bIndegenious Books, | ||
| 260 | _c2011 | ||
| 300 | _a183 pages : | ||
| 300 | _billustrations ; | ||
| 300 | _c21cm. | ||
| 440 | _aEnglish learners' series. | ||
| 650 | _aEnglish language -- | ||
| 650 | _aEnglish language -- | ||
| 650 | _xOrthography and spelling. | ||
| 650 | _xSpelling. | ||
| 700 | _aSeries. | ||
| 700 | _aTitle. | ||
| 999 |
_c344767 _d344767 |
||